|
|
|
|
| LEADER |
00908ncm a22002412a 4500 |
| 001 |
001095883 |
| 003 |
CZ BrMZK |
| 005 |
20110420135914.0 |
| 007 |
qu |
| 008 |
100511q1958 ne |||||||||||||||||zxx d |
| 040 |
|
|
|a BOA001
|b cze
|
| 072 |
|
7 |
|a 785
|x Instrumentální hudba. Symfonická hudba. Hudba pro více nástrojů
|2 Konspekt
|9 9
|
| 100 |
1 |
|
|a Baker, David,
|d 1931-
|7 ola2003199561
|4 cmp
|
| 245 |
1 |
0 |
|a Alt-silhouette
|h [hudebnina] :
|c Bounce : (solo for alt-sax) / Dave Baker ; Pol Stone. Blue interlude : slow (alt-sax-solo) / Bert Paige
|
| 260 |
|
|
|a Deurne :
|b De Wolf,
|c [asi 1958]
|
| 300 |
|
|
|a 15 hlasů
|
| 700 |
1 |
|
|a Stone, Pol,
|d 1917-1983
|7 mzk2010597942
|4 cmp
|
| 700 |
1 |
|
|a Paige, Bert
|7 mzk2010615406
|4 cmp
|
| 740 |
0 |
2 |
|a Blue interlude
|
| 910 |
|
|
|a BOA001
|b Mus3-0571.268
|
| 990 |
|
|
|a MU
|
| 991 |
|
|
|b 201005
|
| 996 |
6 |
|
|b 2619452484
|c Mus3-0571.268
|l MZK
|r Sklad / do 1 hodiny
|n 0
|w 001121762
|u 000010
|a 1
|e BOA001
|j MZK50
|s P
|